| 000 | 01886nam a2200457 i 4500 | ||
|---|---|---|---|
| 001 | 46469 | ||
| 003 | KOSZ 005 | ||
| 005 | 20200407081935.0 | ||
| 008 | 040323s2002 pl a f |100 0 pol | ||
| 015 | _aPB 2004/13964 | ||
| 020 | _a8391185354 | ||
| 035 | _a991018359099705066 | ||
| 035 | _a(PL-WaBN)b14976523-48omnis_nlop | ||
| 035 | _ab14976523 | ||
| 035 | _a(OCoLC)830315859 | ||
| 035 | _a(PL)b0000001497652 | ||
| 035 | _a(EXLNZ-48OMNIS_NETWORK)9910496714605606 | ||
| 040 |
_aWA N _cWA N _dKOSZ 005/HR |
||
| 041 | 0 |
_apol _beng |
|
| 046 | _k2002 | ||
| 080 | _a629.33.02 | ||
| 080 | _a(06) | ||
| 111 | 2 |
_aSłupskie Forum Motoryzacji _n(5 ; _d2002 ; _cSłupsk). |
|
| 245 | 1 | 0 |
_aDroga krajowa nr 6 osią integracji Pomorza Środkowego i szansą rozwoju motoryzacji : _bV Słupskie Forum Motoryzacji, Słupsk 18-19 maja 2002 / _c[mater. zebrano i przygot. do dr. cz. referatowa red. Leon Kukiełka, cz. informacyjna, dokumentacja red. Zbigniew Babiarz-Zych] ; organizatorzy Rada Regionalna Federacji Stowarzyszeń Naukowo-Technicznych NOT w Słupsku [et al.]. |
| 246 | 3 | _aSłupskie Forum Motoryzacji, 5 | |
| 260 |
_aSłupsk : _bstaraniem Starostwa Powiatowego : _bRR SN-T NOT [Naczelnej Organizacji Technicznej], _ccop. 2002. |
||
| 300 |
_a360 s. : _bfaks., fot., rys., tab., wykr. ; _c24 cm. |
||
| 380 | _aKsiążki | ||
| 388 | _a2001- | ||
| 504 | _aBibliogr. przy ref. | ||
| 546 | _aStreszcz. ang. przy ref. | ||
| 658 | _aInżynieria i technika | ||
| 650 | 7 |
_aSamochody _2DBN |
|
| 650 | 7 | _aBudowa i konstrukcje | |
| 655 | 7 |
_aMateriały konferencyjne _2DBN |
|
| 700 | 1 |
_aKukiełka, Leon _d(1951- ) _eRedakcja |
|
| 700 | 1 |
_aBabiarz-Zych, Zbigniew _d(1955- ) _eRedakcja |
|
| 856 |
_uhttp://koha.tu.koszalin.pl/cgi-bin/koha/opac-detail.pl?biblionumber=46469 _yKatalog online BPK |
||
| 942 |
_2UKD _cKS |
||
| 999 |
_c46469 _d46469 |
||